[Event "BLR-ch U18"]
[Site "Rogachev"]
[Date "2024.02.05"]
[Round "3"]
[White "Krukouski, Serafim"]
[Black "Yemelyanau, Zakhar"]
[Result "1-0"]
[WhiteElo "1766"]
[BlackElo "1556"]
[PlyCount "67"]
[EventDate "2024.02.03"]
[EventType "swiss"]
[EventRounds "9"]
[EventCountry "BLR"]
[SourceTitle "EXT 2025"]
[Source "ChessBase"]
[SourceDate "2024.10.14"]
[SourceVersion "1"]
[SourceVersionDate "2024.10.14"]
[SourceQuality "1"]

1. e4 e5 2. d4 exd4 3. Qxd4 Nc6 4. Qe3 Nf6 5. Be2 d6 6. Nc3 g6 7. h4 h5 8. Qd3 Be6 9. Bg5 Be7 10. Nh3 Qd7 11. Nf4 Nh7 12. Bxe7 Qxe7 13. Ncd5 Bxd5 14. Nxd5 Qd7 15. Qc3 0-0-0 16. 0-0-0 Kb8 17. Bb5 a6 18. Ba4 b5 19. Bb3 Rhe8 20. a4 Na7 21. Qa5 c6 22. Nb4 Qb7 23. Nxa6+ Kc8 24. Rhe1 bxa4 25. Bxa4 Re5 26. Rd5 Nf6 27. Rxe5 dxe5 28. Re3 Qd7 29. Rd3 Qe7 30. Rb3 Nb5 31. Bxb5 Qa7 32. Bd3 Nd7 33. Qa4 Qxf2 34. Qxc6# 1-0

[Event "Minsk op"]
[Site "Minsk"]
[Date "2023.11.10"]
[Round "8"]
[White "Vitsiuk, Anton"]
[Black "Yemelyanau, Zakhar"]
[Result "1/2-1/2"]
[WhiteElo "1614"]
[BlackElo "1438"]
[PlyCount "113"]
[EventDate "2023.11.03"]
[EventType "swiss"]
[EventRounds "9"]
[EventCountry "BLR"]
[SourceTitle "CBM 217 Extra"]
[Source "ChessBase"]
[SourceDate "2024.01.31"]
[SourceVersion "1"]
[SourceVersionDate "2024.01.31"]
[SourceQuality "1"]

1. e4 e5 2. Nf3 Nc6 3. Bb5 a6 4. Ba4 Nf6 5. d3 b5 6. Bb3 Bc5 7. c3 Qe7 8. 0-0 d6 9. d4 Bb6 10. Re1 h6 11. a4 Rb8 12. axb5 axb5 13. Qd3 Bd7 14. Nbd2 0-0 15. Nf1 Na5 16. Bc2 c5 17. Ng3 cxd4 18. Nh4 Nh7 19. Nhf5 Bxf5 20. Nxf5 Qf6 21. Qg3 Kh8 22. cxd4 Rfc8 23. Bb1 Nc6 24. dxe5 dxe5 25. Be3 Nb4 26. Bxb6 Rxb6 27. Qb3 Na6 28. Ba2 Ng5 29. Qe3 Nb4 30. Bb3 Rbc6 31. Rad1 Kh7 32. h4 Ne6 33. Nd6 Rf8 34. Nxb5 Qxh4 35. Rc1 Rxc1 36. Rxc1 Nf4 37. g3 Qg5 38. Kf1 Rd8 39. gxf4 Qh4 40. Bc4 exf4 41. Qf3 g5 42. e5 Rd2 43. Ke1 Rxb2 44. e6 g4 45. Qe4+ Kg7 46. Qe5+ Qf6 47. Qxf6+ Kxf6 48. exf7 Kg7 49. Rc3 f3 50. Nc7 Nc2+ 51. Kd2 Na3+ 52. Ke3 Nxc4+ 53. Rxc4 Re2+ 54. Kf4 Rxf2 55. Kxg4 Kxf7 56. Rf4+ Kg6 57. Rxf3 1/2-1/2